Statistics for DMX Charting Songs (Billboard Hot 100)

Click here to take the quiz!

General Stats

  • This quiz has been taken 45 times
    (13 since last reset)
  • The average score is 6 of 16

Answer Stats

AlbumWeeks OnPeakArtist(s)Song% Correct
...And Then There Was X22 Weeks#27DMXParty Up (Up In Here)
77%
Grand Champ8 Weeks#68DMXWhere the Hood At?
77%
It's Dark and Hell Is Hot5 Weeks#16DMXRuff Ryders' Anthem
69%
Cradle 2 the Grave Soundtrack17 Weeks#46DMXX Gon' Give It to Ya
62%
Money, Power & Respect20 Weeks#17The Lox ft. DMX & Lil' KimMoney, Power & Respect
46%
...And Then There Was X20 Weeks#49DMX ft. SisqoWhat You Want
46%
The Great Depression7 Weeks#86DMX ft. Faith EvansI Miss You
38%
...And Then There Was X11 Weeks#67DMXWhat's My Name
31%
The Great Depression12 Weeks#60DMXWho We Be
31%
It's Dark and Hell Is Hot20 Weeks#39DMX ft. Sheek of the LoxGet At Me Dog
23%
It's Dark and Hell Is Hot10 Weeks#70DMX ft. Faith EvansHow's It Goin' Down
23%
Non-Album Single1 Week#66Lil Wayne & DMXKant Nobody
23%
It's Dark and Hell Is Hot6 Weeks#79DMXStop Being Greedy
23%
The Mix Tape, Vol. IV7 Weeks#91Funkmaster Flex ft. DMXDo You
15%
Vendetta6 Weeks#70Mic Geronimo ft. DMX & Black RobNothin' Move but the Money
15%
The Dirtiest Thirstiest13 Weeks#76Yung Wun ft. DMX, Lil' Flip & David BannerTear It Up
15%

Score Distribution

Percentile by Number Answered

Percent of People with Each Score

Your Score History

You have not taken this quiz since the last reset